000 09373nam0a22005171 4500
001 RU\NLR\BIBL_A\012026229
005 20260408065837.0
035 _a(NLR Aleph) 012026229
090 _a11527518
_c11527518
100 _a20190530d1817 m y0rusy50 ca
101 0 _arus
102 _aRU
105 _ay n 000yy
200 1 _aПоложение. для жандармов внутренней стражи.
_eКопия.
210 _a[Б.м.
_d1817]
215 _a[18] с.
_d
300 _aВысочайше утверждено 1 февр. 1817 г.
300 _aДанное изд. вышло не позднее апр. 1817 г., датировано по сенат. указу о рассылке
300 _aПеред текстом на с. [5], [17] и после текста на с.[1]: На подлинном написано собственною его императорскаго величества рукою: Быть по сему: Александр. Санктпетербург, 1 февраля 1817.
300 _aПеред текстом на с. [5], [9], [10], [13], [15] и после текста на с.[3]: На подлинном написано собственною его императорскаго величества рукою: Быть по сему: Александр. С. Петербург 1 февраля 1817.
300 _aПосле текста на с.[7], [9], [11], [14], [15], [17]: Подписал граф Аракчеев.
300 _aБез тит. л. и обл.
316 _aЭкз. РНБ (135/310-1817-59) является частью владельческого конволюта. Припл. к: Указ его императорскаго величества самодержца всероссийскаго,: [О дозволении принимать в военно-сиротские отделения детей, не принадлежащих военному ведомству] / из Правительствующаго Сената. - [Б.м., янв. 1817].
_5NLR: 135/310-1817-59
321 1 _aПСЗ. Т.34. 26650
327 0 _aИз содерж.: [Именной указ, данный Санктпетербургскому генерал-губернатору Вязмитинову]: Копия. - С.[1]
_a[Именной указ, данный] Начальнику Главнаго штаба моего господину генерал-адъютанту князю Волконскому. - С.[2-3]
_aИнструкция начальнику жандармов в губернском городе.: Копия. - С.[9]
_aИнструкция. Дивизионному командиру жандармов внутренней стражи в столице (начальствующему двумя эскадронами их): Копия. - С.[10-11]
_aШтат. Двух жандармских ескадронов в каждой столице. - С.[13-14]
_aШтат команды жандармов в каждом губернском городе. - С.[15]
_aШтат команды жандармов в портовом городе. - С.[17]
464 0 _12001#$a[Именной указ, данный Санктпетербургскому генерал-губернатору Вязмитинову]$eКопия.
_1215##$aС.[1]
_1300##$aЗагл. дано по ПСЗ
_1300##$aТекст начинается словами: Сергей Козмич! Из препровождаемаго при сем в списке указа моего, даннаго 1 нынешняго месяца начальнику Главнаго штаба моего, увидите Вы, что с учреждением жандармов внутренней стражи, не могут уже оставаться далее существующия ныне ...
_15171#1$aСергей Козмич! Из препровождаемаго при сем в списке указа моего, даннаго 1 нынешняго месяца начальнику Главнаго штаба моего, увидите Вы, что с учреждением жандармов внутренней стражи, не могут уже оставаться далее существующия ныне ...
_15181#1$aСергей Козмич! Из препровождаемого при сем в списке указа моего, данного 1 нынешнего месяца начальнику Главного штаба моего, увидите Вы, что с учреждением жандармов внутренней стражи, не могут уже оставаться далее существующие ныне ...
_1702#1$aВязмитинов$bС. К.$gСергей Кузьмич$f1744-1819$3RU\NLR\AUTH\7797391$4660
_t[Именной указ, данный Санктпетербургскому генерал-губернатору Вязмитинову]
464 0 _12001#$a[Именной указ, данный] Начальнику Главнаго штаба моего господину генерал-адъютанту князю Волконскому.$eКопия.
_1215##$aС.[2-3]
_1300##$aТекст начинается словами: Необходимость и польза конных отрядов в составе внутренней стражи представлялись при самом образовании стражи сей; но начинавшаяся тогда война воспрепятствовала учреждению оных ...
_1517#1$aНеобходимость и польза конных отрядов в составе внутренней стражи представлялись при самом образовании стражи сей; но начинавшаяся тогда война воспрепятствовала учреждению оных ...
_1518#1$aНачальнику Главного штаба моего, господину генерал-адъютанту князю Волконскому.
_1702#1$aВолконский$bП. М.$cвоенный деятель$f1776-1852$gПётр Михайлович$3RU\NLR\AUTH\770205287$4660
_t[Именной указ, данный] Начальнику Главнаго штаба моего господину генерал-адъютанту князю Волконскому.
464 0 _12001#$aИнструкция начальнику жандармов в губернском городе.$eКопия.
_1215##$aС.[9]
_tИнструкция начальнику жандармов в губернском городе.
464 0 _12001#$aИнструкция. Дивизионному командиру жандармов внутренней стражи в столице (начальствующему двумя эскадронами их)$eКопия.
_1215##$aС.[10-11]
_tИнструкция. Дивизионному командиру жандармов внутренней стражи в столице (начальствующему двумя эскадронами их)
464 0 _12001#$aШтат. Двух жандармских ескадронов в каждой столице.
_1215##$aС.[13-14]
_1518#1$aШтат. Двух жандармских эскадронов в каждой столице.
_tШтат. Двух жандармских ескадронов в каждой столице.
464 0 _12001#$aШтат команды жандармов в каждом губернском городе.
_1215##$aС.[15]
_tШтат команды жандармов в каждом губернском городе.
464 0 _12001#$aШтат команды жандармов в портовом городе.
_1215##$aС.[17]
_tШтат команды жандармов в портовом городе.
482 0 _1RU\NLR\BIBL_A\012009541
_12001#$aУказ его императорскаго величества самодержца всероссийскаго,$e[О дозволении принимать в военно-сиротские отделения детей, не принадлежащих военному ведомству]$fиз Правительствующаго Сената
_1210##$a[Б.м.$dянв. 1817]
_tУказ его императорскаго величества самодержца всероссийскаго,
518 1 _aПоложение для жандармов внутренней стражи.
606 1 _aЗаконодательство
_yРоссия
_z1801 - 1825
_92280395
_3RU\NLR\AUTH\6601594564
686 _aХ2(2)47-3
702 0 _4720
_8rus
_7ca
_aАлександр
_cимператор российский
_dI
_f1777-1825
_3RU\NLR\AUTH\775342
_9115306
702 1 _4720
_8rus
_7ca
_aАракчеев
_bА.А.
_f1769-1834
_gАлексей Андреевич
_3RU\NLR\AUTH\77570
_9110616
710 0 1 _aРоссия
_bИмператор
_c1801-1825; Александр I
_3RU\NLR\AUTH\8810042745
_9584940
711 0 2 _aОтдельный корпус внутренней стражи
_3RU\NLR\AUTH\889998226
_9493775
852 _aNLR
_j135/310-1817-59
942 _cBOOK
980 _aNB
980 _aA1UKAZ